[Event "Masters Tournament (MTO)"]
[Site "Biel, CH"]
[Date "2025.07.21"]
[Round "7"]
[White "Erne, Raphael"]
[Black "Gruenfeld, Yehuda"]
[Result "0-1"]
[Board "16"]
[WhiteFideId "1341928"]
[BlackFideId "2800020"]
[BlackTitle "GM"]
[WhiteElo "2164"]
[BlackElo "2367"]
[WhiteTeam "SUI"]
[BlackTeam "ISR"]
[WhiteClock "0:01:00"]
[BlackClock "0:24:55"]
[Variant "Standard"]

1. c4 {[%clk 1:40:53]}  c5 {[%clk 1:40:37]} 2. g3 {[%clk 1:41:03]}  g6 {[%clk 1:40:59]} 3. Bg2 {[%clk 1:41:16]}  Bg7 {[%clk 1:41:25]} 4. Nc3 {[%clk 1:41:26]}  Nc6 {[%clk 1:41:12]} 5. Nf3 {[%clk 1:41:36]}  d6 {[%clk 1:40:58]} 6. O-O {[%clk 1:41:27]}  Nh6 {[%clk 1:41:18]} 7. d4 {[%clk 1:39:43]}  cxd4 {[%clk 1:39:23]} 8. Bxh6 {[%clk 1:40:56]}  Bxh6 {[%clk 1:39:06]} 9. Nxd4 {[%clk 1:38:51]}  Bd7 {[%clk 1:33:55]} 10. e3 {[%clk 1:38:01]}  Bg7 {[%clk 1:32:43]} 11. Qd2 {[%clk 1:30:11]}  Rc8 {[%clk 1:23:31]} 12. b3 {[%clk 1:23:26]}  O-O {[%clk 1:11:54]} 13. Nd5 {[%clk 0:47:34]}  e6 {[%clk 0:57:14]} 14. Nc3 {[%clk 0:55:04]}  d5 {[%clk 0:56:20]} 15. cxd5 {[%clk 0:50:02]}  Nxd4 {[%clk 0:56:05]} 16. exd4 {[%clk 0:50:24]}  Qa5 {[%clk 0:56:17]} 17. dxe6 {[%clk 0:46:36]}  Bxe6 {[%clk 0:51:44]} 18. Ne4 {[%clk 0:37:06]}  Qxd2 {[%clk 0:51:52]} 19. Nxd2 {[%clk 0:36:58]}  Bxd4 {[%clk 0:50:26]} 20. Rac1 {[%clk 0:34:29]}  Rfd8 {[%clk 0:49:21]} 21. Rxc8 {[%clk 0:31:51]}  Rxc8 {[%clk 0:49:24]} 22. Nc4 {[%clk 0:31:09]}  b5 {[%clk 0:45:51]} 23. Na3 {[%clk 0:24:07]}  Rc5 {[%clk 0:42:52]} 24. Be4 {[%clk 0:13:38]}  Re5 {[%clk 0:32:42]} 25. Bd3 {[%clk 0:16:23]}  a6 {[%clk 0:30:00]} 26. Nc2 {[%clk 0:15:32]}  Bc5 {[%clk 0:28:34]} 27. Kg2 {[%clk 0:12:37]}  Rd5 {[%clk 0:27:01]} 28. Rd1 {[%clk 0:06:53]}  Bg4 {[%clk 0:21:55]} 29. f3 {[%clk 0:05:03]}  Bf5 {[%clk 0:25:53]} 30. Be2 {[%clk 0:05:27]}  Re5 {[%clk 0:25:26]} 31. Rd2 {[%clk 0:05:57]}  Re8 {[%clk 0:23:56]} 32. a4 {[%clk 0:04:01]}  bxa4 {[%clk 0:21:39]} 33. bxa4 {[%clk 0:04:26]}  a5 {[%clk 0:22:04]} 34. Bb5 {[%clk 0:04:25]}  Rc8 {[%clk 0:22:27]} 35. g4 {[%clk 0:02:33]}  Be6 {[%clk 0:21:55]} 36. Nd4 {[%clk 0:02:29]}  Bb4 {[%clk 0:18:50]} 37. Rc2 {[%clk 0:02:40]}  Rxc2+ {[%clk 0:19:15]} 38. Nxc2 {[%clk 0:03:06]}  Bc5 {[%clk 0:18:57]} 39. Kf1 {[%clk 0:01:23]}  f5 {[%clk 0:15:14]} 40. h3 {[%clk 0:00:46]}  fxg4 {[%clk 0:15:39]} 41. hxg4 {[%clk 0:29:25]}  h5 {[%clk 0:15:15]} 42. gxh5 {[%clk 0:26:17]}  gxh5 {[%clk 0:46:27]} 43. Ne1 {[%clk 0:18:30]}  Kg7 {[%clk 0:46:20]} 44. Nd3 {[%clk 0:17:49]}  Bd6 {[%clk 0:42:25]} 45. Nf2 {[%clk 0:10:19]}  Kh6 {[%clk 0:45:34]} 46. Kg2 {[%clk 0:10:07]}  Bc7 {[%clk 0:44:02]} 47. Bc6 {[%clk 0:08:31]}  Kg5 {[%clk 0:40:31]} 48. Nh3+ {[%clk 0:08:19]}  Kf5 {[%clk 0:39:10]} 49. Be8 {[%clk 0:08:11]}  h4 {[%clk 0:39:22]} 50. Bc6 {[%clk 0:06:17]}  Bb8 {[%clk 0:36:38]} 51. Nf2 {[%clk 0:05:43]}  Ke5 {[%clk 0:35:27]} 52. Ng4+ {[%clk 0:02:52]}  Kd6 {[%clk 0:35:42]} 53. Be8 {[%clk 0:03:40]}  Bc7 {[%clk 0:35:47]} 54. Nf2 {[%clk 0:03:07]}  Kc5 {[%clk 0:33:40]} 55. Ne4+ {[%clk 0:03:05]}  Kb4 {[%clk 0:32:10]} 56. Bc6 {[%clk 0:02:15]}  h3+ {[%clk 0:26:22]} 57. Kg1 {[%clk 0:00:32]}  Bb3 {[%clk 0:25:10]} 58. Nd2 {[%clk 0:03:02]}  Bd1 {[%clk 0:24:39]} 59. Bd7 {[%clk 0:02:53]}  h2+ {[%clk 0:24:33]} 60. Kg2 {[%clk 0:01:00]}  Bf4 {[%clk 0:24:55]} 0-1

[Event "Masters Tournament (MTO)"]
[Site "Biel, CH"]
[Date "2025.07.21"]
[Round "7"]
[White "Otsuka, Shou"]
[Black "Gut, Raphael"]
[Result "1-0"]
[Board "17"]
[WhiteFideId "7004702"]
[BlackFideId "1339974"]
[WhiteTitle "FM"]
[WhiteElo "2362"]
[BlackElo "2147"]
[WhiteTeam "JPN"]
[BlackTeam "SUI"]
[WhiteClock "0:07:43"]
[BlackClock "0:10:52"]
[Variant "Standard"]

1. e4 {[%clk 1:40:58]}  c5 {[%clk 1:40:59]} 2. Nf3 {[%clk 1:41:22]}  d6 {[%clk 1:41:27]} 3. Bb5+ {[%clk 1:41:35]}  Nd7 {[%clk 1:41:53]} 4. O-O {[%clk 1:41:56]}  a6 {[%clk 1:42:21]} 5. Be2 {[%clk 1:42:19]}  Ngf6 {[%clk 1:42:45]} 6. d3 {[%clk 1:42:45]}  g6 {[%clk 1:39:39]} 7. c4 {[%clk 1:43:04]}  Bg7 {[%clk 1:40:03]} 8. Nc3 {[%clk 1:43:27]}  O-O {[%clk 1:40:22]} 9. d4 {[%clk 1:43:46]}  cxd4 {[%clk 1:39:01]} 10. Nxd4 {[%clk 1:44:09]}  Nc5 {[%clk 1:26:09]} 11. f3 {[%clk 1:44:02]}  Ne6 {[%clk 1:18:45]} 12. Nc2 {[%clk 1:41:35]}  Bd7 {[%clk 1:16:54]} 13. Be3 {[%clk 1:34:51]}  Rc8 {[%clk 1:13:45]} 14. Kh1 {[%clk 1:26:56]}  Qc7 {[%clk 1:05:22]} 15. a4 {[%clk 1:27:53]}  b6 {[%clk 0:47:59]} 16. Nb4 {[%clk 1:08:44]}  Nc5 {[%clk 0:50:15]} 17. e5 {[%clk 1:06:32]}  dxe5 {[%clk 0:47:32]} 18. Nbd5 {[%clk 1:06:54]}  Nxd5 {[%clk 0:47:54]} 19. Nxd5 {[%clk 1:07:19]}  Qd6 {[%clk 0:44:57]} 20. b4 {[%clk 1:07:22]}  Nxa4 {[%clk 0:41:43]} 21. Rxa4 {[%clk 1:06:05]}  Bxa4 {[%clk 0:41:40]} 22. Qxa4 {[%clk 1:06:25]}  b5 {[%clk 0:41:55]} 23. Qb3 {[%clk 0:55:50]}  bxc4 {[%clk 0:33:31]} 24. Bxc4 {[%clk 0:55:56]}  e6 {[%clk 0:02:12]} 25. Bc5 {[%clk 0:31:33]}  Rxc5 {[%clk 0:25:58]} 26. bxc5 {[%clk 0:31:57]}  Qxc5 {[%clk 0:26:24]} 27. Ne3 {[%clk 0:32:24]}  a5 {[%clk 0:18:11]} 28. Rd1 {[%clk 0:24:28]}  h5 {[%clk 0:25:25]} 29. Bf1 {[%clk 0:22:38]}  Ra8 {[%clk 0:24:35]} 30. Qb7 {[%clk 0:21:53]}  Ra7 {[%clk 0:24:57]} 31. Qb8+ {[%clk 0:21:05]}  Kh7 {[%clk 0:21:10]} 32. Nc4 {[%clk 0:13:35]}  a4 {[%clk 0:23:40]} 33. Nd6 {[%clk 0:13:23]}  a3 {[%clk 0:21:42]} 34. Ne4 {[%clk 0:13:44]}  Qe3 {[%clk 0:20:30]} 35. h4 {[%clk 0:09:41]}  a2 {[%clk 0:10:23]} 36. Ng5+ {[%clk 0:08:27]}  Kh6 {[%clk 0:10:52]} 37. Qg8 {[%clk 0:07:43]} 1-0

[Event "Masters Tournament (MTO)"]
[Site "Biel, CH"]
[Date "2025.07.21"]
[Round "7"]
[White "Sanket Chakravarty"]
[Black "Saxena, Vihaan"]
[Result "1-0"]
[Board "18"]
[WhiteFideId "25032038"]
[BlackFideId "30997780"]
[WhiteTitle "IM"]
[WhiteElo "2301"]
[BlackElo "2031"]
[WhiteTeam "IND"]
[BlackTeam "USA"]
[WhiteClock "0:48:47"]
[BlackClock "0:10:27"]
[Variant "Standard"]

1. Nf3 {[%clk 1:26:17]}  d5 {[%clk 1:40:05]} 2. e3 {[%clk 1:26:34]}  Nf6 {[%clk 1:40:02]} 3. b3 {[%clk 1:26:54]}  e6 {[%clk 1:40:00]} 4. Bb2 {[%clk 1:27:14]}  Be7 {[%clk 1:40:16]} 5. d4 {[%clk 1:27:35]}  O-O {[%clk 1:39:29]} 6. Bd3 {[%clk 1:24:52]}  b6 {[%clk 1:37:06]} 7. O-O {[%clk 1:28:00]}  Bb7 {[%clk 1:36:36]} 8. Nbd2 {[%clk 1:26:59]}  Nbd7 {[%clk 1:35:09]} 9. c4 {[%clk 1:27:19]}  Re8 {[%clk 1:33:23]} 10. Rc1 {[%clk 1:08:34]}  Rc8 {[%clk 1:13:29]} 11. Qe2 {[%clk 0:55:45]}  Ne4 {[%clk 0:56:13]} 12. Rfd1 {[%clk 0:48:27]}  Bb4 {[%clk 0:52:14]} 13. a3 {[%clk 0:40:35]}  Bd6 {[%clk 0:43:08]} 14. b4 {[%clk 1:16:29]}  Nxd2 {[%clk 0:39:02]} 15. Nxd2 {[%clk 1:13:02]}  dxc4 {[%clk 0:34:44]} 16. Nxc4 {[%clk 1:13:56]}  Qe7 {[%clk 0:33:36]} 17. b5 {[%clk 1:05:10]}  Bd5 {[%clk 0:29:15]} 18. a4 {[%clk 1:04:15]}  Bxc4 {[%clk 0:28:56]} 19. Rxc4 {[%clk 1:04:30]}  e5 {[%clk 0:27:22]} 20. Bf5 {[%clk 1:00:43]}  Rcd8 {[%clk 0:24:53]} 21. h3 {[%clk 0:54:00]}  g6 {[%clk 0:24:41]} 22. Bxd7 {[%clk 0:49:12]}  Rxd7 {[%clk 0:23:18]} 23. dxe5 {[%clk 0:44:29]}  Bxe5 {[%clk 0:24:32]} 24. Bxe5 {[%clk 0:43:47]}  Rxd1+ {[%clk 0:24:52]} 25. Qxd1 {[%clk 0:44:12]}  Qxe5 {[%clk 0:25:15]} 26. Qd7 {[%clk 0:44:36]}  Qa1+ {[%clk 0:24:46]} 27. Kh2 {[%clk 0:44:52]}  Qe5+ {[%clk 0:25:03]} 28. g3 {[%clk 0:44:30]}  Re7 {[%clk 0:24:04]} 29. Qc8+ {[%clk 0:44:54]}  Kg7 {[%clk 0:24:26]} 30. Rd4 {[%clk 0:39:27]}  Re6 {[%clk 0:12:53]} 31. Qa8 {[%clk 0:29:04]}  Rf6 {[%clk 0:12:33]} 32. Kg2 {[%clk 0:29:27]}  Rd6 {[%clk 0:08:06]} 33. Re4 {[%clk 0:26:01]}  Qd5 {[%clk 0:10:28]} 34. Qxd5 {[%clk 0:26:26]}  Rxd5 {[%clk 0:10:54]} 35. Rc4 {[%clk 0:26:52]}  Rd7 {[%clk 0:10:24]} 36. Kf3 {[%clk 0:23:53]}  f6 {[%clk 0:05:55]} 37. e4 {[%clk 0:19:26]}  Kf7 {[%clk 0:05:45]} 38. Ke3 {[%clk 0:19:51]}  Ke8 {[%clk 0:04:46]} 39. f4 {[%clk 0:19:21]}  Re7 {[%clk 0:01:33]} 40. Rc6 {[%clk 0:19:42]}  Kf7 {[%clk 0:00:07]} 41. g4 {[%clk 0:19:39]}  Kg7 {[%clk 0:28:36]} 42. h4 {[%clk 0:49:59]}  Kf7 {[%clk 0:27:00]} 43. g5 {[%clk 0:47:57]}  fxg5 {[%clk 0:25:37]} 44. hxg5 {[%clk 0:48:19]}  Ke8 {[%clk 0:24:56]} 45. e5 {[%clk 0:40:12]}  Kd7 {[%clk 0:19:04]} 46. Ke4 {[%clk 0:46:03]}  Re8 {[%clk 0:10:30]} 47. Kd5 {[%clk 0:44:00]}  Rf8 {[%clk 0:09:11]} 48. e6+ {[%clk 0:43:37]}  Kd8 {[%clk 0:09:12]} 49. e7+ {[%clk 0:45:50]}  Kxe7 {[%clk 0:09:37]} 50. Rxc7+ {[%clk 0:46:17]}  Kd8 {[%clk 0:09:55]} 51. Rxa7 {[%clk 0:46:44]}  Rxf4 {[%clk 0:10:13]} 52. Kc6 {[%clk 0:46:11]}  Rg4 {[%clk 0:10:09]} 53. Kxb6 {[%clk 0:47:36]}  Rxg5 {[%clk 0:10:32]} 54. a5 {[%clk 0:47:53]}  h5 {[%clk 0:10:44]} 55. a6 {[%clk 0:47:48]}  Rg2 {[%clk 0:10:40]} 56. Rh7 {[%clk 0:48:27]}  Ra2 {[%clk 0:10:27]} 57. a7 {[%clk 0:48:47]} 1-0

[Event "Masters Tournament (MTO)"]
[Site "Biel, CH"]
[Date "2025.07.21"]
[Round "7"]
[White "Deshpande, Aniruddha"]
[Black "Vihaan Dumir"]
[Result "1-0"]
[Board "19"]
[WhiteFideId "5021774"]
[BlackFideId "25901010"]
[WhiteTitle "FM"]
[BlackTitle "CM"]
[WhiteElo "2263"]
[BlackElo "2143"]
[WhiteTeam "IND"]
[BlackTeam "IND"]
[WhiteClock "0:38:37"]
[BlackClock "0:28:38"]
[Variant "Standard"]

1. c4 {[%clk 1:40:28]}  e6 {[%clk 1:40:57]} 2. g3 {[%clk 1:40:37]}  d5 {[%clk 1:41:24]} 3. Bg2 {[%clk 1:40:52]}  Nf6 {[%clk 1:41:50]} 4. Nf3 {[%clk 1:41:12]}  Bd6 {[%clk 1:42:11]} 5. O-O {[%clk 1:39:41]}  O-O {[%clk 1:42:38]} 6. b3 {[%clk 1:39:57]}  dxc4 {[%clk 1:42:51]} 7. bxc4 {[%clk 1:39:56]}  e5 {[%clk 1:39:55]} 8. d3 {[%clk 1:37:11]}  Na6 {[%clk 1:43:41]} 9. Nc3 {[%clk 1:36:57]}  c6 {[%clk 1:42:49]} 10. Rb1 {[%clk 1:27:51]}  Nc5 {[%clk 1:42:09]} 11. Bg5 {[%clk 1:23:02]}  h6 {[%clk 1:42:35]} 12. Bxf6 {[%clk 1:23:18]}  Qxf6 {[%clk 1:43:01]} 13. Nd2 {[%clk 1:23:37]}  Bc7 {[%clk 1:41:51]} 14. Nce4 {[%clk 1:18:07]}  Nxe4 {[%clk 1:42:05]} 15. Nxe4 {[%clk 1:18:34]}  Qe7 {[%clk 1:42:15]} 16. Qb3 {[%clk 1:18:45]}  f5 {[%clk 1:35:52]} 17. Nd2 {[%clk 1:19:06]}  Rb8 {[%clk 1:36:17]} 18. c5+ {[%clk 1:14:27]}  Be6 {[%clk 1:35:11]} 19. Qa3 {[%clk 1:14:41]}  a6 {[%clk 1:31:19]} 20. Rb2 {[%clk 1:12:30]}  b6 {[%clk 1:19:21]} 21. Rc2 {[%clk 1:00:58]}  bxc5 {[%clk 1:07:42]} 22. Bxc6 {[%clk 0:58:33]}  Rb6 {[%clk 0:57:56]} 23. Ba4 {[%clk 0:58:08]}  Bd6 {[%clk 0:58:18]} 24. Qc3 {[%clk 0:58:09]}  Rb4 {[%clk 0:46:29]} 25. Bb3 {[%clk 0:57:48]}  e4 {[%clk 0:43:44]} 26. Bxe6+ {[%clk 0:54:46]}  Qxe6 {[%clk 0:45:05]} 27. dxe4 {[%clk 0:54:45]}  fxe4 {[%clk 0:45:32]} 28. a3 {[%clk 0:54:31]}  Ra4 {[%clk 0:29:43]} 29. Nc4 {[%clk 0:43:30]}  Rb8 {[%clk 0:40:55]} 30. e3 {[%clk 0:41:46]}  Be7 {[%clk 0:40:22]} 31. Rcc1 {[%clk 0:41:27]}  Bf6 {[%clk 0:37:18]} 32. Qc2 {[%clk 0:41:07]}  Qc6 {[%clk 0:37:46]} 33. Rb1 {[%clk 0:40:09]}  Rxb1 {[%clk 0:35:11]} 34. Rxb1 {[%clk 0:38:11]}  Kf7 {[%clk 0:31:04]} 35. Rb6 {[%clk 0:38:44]}  Qd7 {[%clk 0:28:38]} 36. Rb7 {[%clk 0:38:37]} 1-0

[Event "Masters Tournament (MTO)"]
[Site "Biel, CH"]
[Date "2025.07.21"]
[Round "7"]
[White "Talwalkar, Vedant"]
[Black "Gut, Lionel"]
[Result "1-0"]
[Board "20"]
[WhiteFideId "30962498"]
[BlackFideId "1339966"]
[WhiteTitle "FM"]
[WhiteElo "2014"]
[BlackElo "2239"]
[WhiteTeam "USA"]
[BlackTeam "SUI"]
[WhiteClock "0:25:48"]
[BlackClock "0:10:42"]
[Variant "Standard"]

1. e4 {[%clk 1:40:49]}  c5 {[%clk 1:40:39]} 2. Nf3 {[%clk 1:41:12]}  d6 {[%clk 1:40:51]} 3. d4 {[%clk 1:41:35]}  cxd4 {[%clk 1:41:18]} 4. Nxd4 {[%clk 1:41:56]}  Nf6 {[%clk 1:41:45]} 5. Nc3 {[%clk 1:42:15]}  a6 {[%clk 1:41:39]} 6. Be2 {[%clk 1:42:36]}  e5 {[%clk 1:42:40]} 7. Nb3 {[%clk 1:42:25]}  Be7 {[%clk 1:43:05]} 8. O-O {[%clk 1:43:16]}  O-O {[%clk 1:43:21]} 9. Kh1 {[%clk 1:43:42]}  b5 {[%clk 1:35:21]} 10. a4 {[%clk 1:44:03]}  b4 {[%clk 1:24:01]} 11. Nd5 {[%clk 1:44:25]}  Bb7 {[%clk 1:24:17]} 12. Nxe7+ {[%clk 1:44:40]}  Qxe7 {[%clk 1:24:42]} 13. f3 {[%clk 1:44:52]}  a5 {[%clk 1:15:15]} 14. Bb5 {[%clk 1:45:06]}  Qc7 {[%clk 1:05:25]} 15. c4 {[%clk 1:40:03]}  bxc3 {[%clk 1:03:12]} 16. bxc3 {[%clk 1:40:20]}  d5 {[%clk 1:03:32]} 17. exd5 {[%clk 1:37:22]}  Nxd5 {[%clk 1:00:41]} 18. c4 {[%clk 1:40:25]}  Nb4 {[%clk 0:59:18]} 19. Qe2 {[%clk 1:34:07]}  N8c6 {[%clk 0:52:32]} 20. Bb2 {[%clk 1:30:49]}  Kh8 {[%clk 0:45:59]} 21. Rae1 {[%clk 1:23:25]}  f6 {[%clk 0:44:47]} 22. f4 {[%clk 1:16:04]}  Rad8 {[%clk 0:38:13]} 23. Nc5 {[%clk 1:10:45]}  Bc8 {[%clk 0:38:35]} 24. fxe5 {[%clk 1:09:04]}  Nxe5 {[%clk 0:38:36]} 25. Bxe5 {[%clk 1:09:01]}  fxe5 {[%clk 0:38:12]} 26. Rxf8+ {[%clk 1:08:24]}  Rxf8 {[%clk 0:38:40]} 27. Nd3 {[%clk 1:04:17]}  Nxd3 {[%clk 0:31:05]} 28. Qxd3 {[%clk 1:02:15]}  h6 {[%clk 0:30:42]} 29. Qe3 {[%clk 0:51:50]}  Bb7 {[%clk 0:27:31]} 30. c5 {[%clk 0:47:42]}  Rf5 {[%clk 0:23:41]} 31. c6 {[%clk 0:42:56]}  Ba8 {[%clk 0:12:34]} 32. Qd3 {[%clk 0:35:07]}  Rf8 {[%clk 0:10:31]} 33. Qg6 {[%clk 0:30:26]}  Rd8 {[%clk 0:09:43]} 34. Rc1 {[%clk 0:27:40]}  Qb6 {[%clk 0:09:48]} 35. Bd3 {[%clk 0:25:03]}  Rxd3 {[%clk 0:10:14]} 36. Qxd3 {[%clk 0:25:29]}  Bxc6 {[%clk 0:10:42]} 37. Qg6 {[%clk 0:25:48]} 1-0

[Event "Masters Tournament (MTO)"]
[Site "Biel, CH"]
[Date "2025.07.21"]
[Round "7"]
[White "Saminskij, Jan"]
[Black "Anetov, Amirzhan"]
[Result "1-0"]
[Board "21"]
[WhiteFideId "1346962"]
[BlackFideId "13784951"]
[WhiteElo "2230"]
[BlackElo "1993"]
[WhiteTeam "SUI"]
[BlackTeam "KAZ"]
[WhiteClock "1:16:23"]
[BlackClock "0:59:49"]
[Variant "Standard"]

1. e4 {[%clk 1:40:20]}  e5 {[%clk 1:40:54]} 2. Nf3 {[%clk 1:39:58]}  Nc6 {[%clk 1:41:20]} 3. Bb5 {[%clk 1:40:45]}  a6 {[%clk 1:41:44]} 4. Ba4 {[%clk 1:41:08]}  Nf6 {[%clk 1:42:08]} 5. d3 {[%clk 1:40:03]}  b5 {[%clk 1:41:39]} 6. Bb3 {[%clk 1:39:24]}  Be7 {[%clk 1:41:07]} 7. Nc3 {[%clk 1:41:24]}  d6 {[%clk 1:39:08]} 8. a3 {[%clk 1:40:22]}  O-O {[%clk 1:35:44]} 9. O-O {[%clk 1:34:42]}  Na5 {[%clk 1:30:35]} 10. Ba2 {[%clk 1:40:43]}  c5 {[%clk 1:25:21]} 11. b4 {[%clk 1:38:06]}  cxb4 {[%clk 1:28:02]} 12. axb4 {[%clk 1:37:15]}  Nc6 {[%clk 1:27:31]} 13. Nd5 {[%clk 1:36:16]}  Be6 {[%clk 1:19:44]} 14. c3 {[%clk 1:27:23]}  a5 {[%clk 1:06:45]} 15. Ng5 {[%clk 1:21:49]}  Bg4 {[%clk 1:10:42]} 16. Nxf6+ {[%clk 1:20:49]}  gxf6 {[%clk 1:10:14]} 17. Nxf7 {[%clk 1:10:16]}  Rxf7 {[%clk 1:01:19]} 18. Qxg4+ {[%clk 1:17:05]}  Kf8 {[%clk 1:01:49]} 19. Bh6+ {[%clk 1:15:49]}  Ke8 {[%clk 1:01:27]} 20. Qh5 {[%clk 1:14:38]}  Kd7 {[%clk 1:01:05]} 21. Qxf7 {[%clk 1:14:17]}  axb4 {[%clk 1:00:48]} 22. cxb4 {[%clk 1:16:38]}  Nd4 {[%clk 0:59:52]} 23. Be3 {[%clk 1:15:25]}  Ne2+ {[%clk 1:00:31]} 24. Kh1 {[%clk 1:15:50]}  Kc7 {[%clk 1:00:53]} 25. Bd5 {[%clk 1:16:00]}  Ra4 {[%clk 0:59:53]} 26. Bb3 {[%clk 1:15:44]}  Rxb4 {[%clk 1:00:02]} 27. Ra7+ {[%clk 1:16:08]}  Kb8 {[%clk 0:59:49]} 28. Qd5 {[%clk 1:16:23]} 1-0

[Event "Masters Tournament (MTO)"]
[Site "Biel, CH"]
[Date "2025.07.21"]
[Round "7"]
[White "Shvedova, Alexandra"]
[Black "Jelicic, Hugo"]
[Result "1-0"]
[Board "22"]
[WhiteFideId "54154782"]
[BlackFideId "1349040"]
[WhiteTitle "WFM"]
[WhiteElo "2204"]
[BlackElo "1908"]
[WhiteTeam "ITA"]
[BlackTeam "SUI"]
[WhiteClock "0:08:45"]
[BlackClock "0:00:48"]
[Variant "Standard"]

1. e4 {[%clk 1:40:50]}  c6 {[%clk 1:40:57]} 2. d4 {[%clk 1:41:15]}  d5 {[%clk 1:41:24]} 3. e5 {[%clk 1:41:14]}  c5 {[%clk 1:41:47]} 4. Nf3 {[%clk 1:41:20]}  Bg4 {[%clk 1:42:08]} 5. dxc5 {[%clk 1:40:50]}  Nc6 {[%clk 1:42:00]} 6. c3 {[%clk 1:40:51]}  e6 {[%clk 1:42:08]} 7. Be3 {[%clk 1:40:37]}  a6 {[%clk 1:42:18]} 8. Nbd2 {[%clk 1:40:37]}  Nxe5 {[%clk 1:40:17]} 9. h3 {[%clk 1:40:25]}  Bxf3 {[%clk 1:38:00]} 10. Nxf3 {[%clk 1:40:14]}  Nxf3+ {[%clk 1:37:30]} 11. Qxf3 {[%clk 1:40:38]}  Qc7 {[%clk 1:33:10]} 12. b4 {[%clk 1:32:26]}  b6 {[%clk 1:13:07]} 13. Bf4 {[%clk 1:17:34]}  Qc6 {[%clk 1:08:49]} 14. a4 {[%clk 1:12:03]}  Nf6 {[%clk 1:15:42]} 15. b5 {[%clk 1:04:53]}  Qxc5 {[%clk 1:14:36]} 16. bxa6 {[%clk 1:03:46]}  Bd6 {[%clk 1:12:08]} 17. Bb5+ {[%clk 1:02:23]}  Ke7 {[%clk 1:11:52]} 18. O-O {[%clk 1:00:17]}  Bxf4 {[%clk 1:09:05]} 19. Qxf4 {[%clk 0:59:33]}  Rhc8 {[%clk 1:02:12]} 20. Rac1 {[%clk 0:52:18]}  Kf8 {[%clk 0:54:22]} 21. Rfd1 {[%clk 0:57:33]}  Qc7 {[%clk 0:46:54]} 22. Qe3 {[%clk 0:47:12]}  Qd6 {[%clk 0:40:47]} 23. c4 {[%clk 0:43:00]}  Rc5 {[%clk 0:26:40]} 24. cxd5 {[%clk 0:27:54]}  Nxd5 {[%clk 0:39:54]} 25. Rxc5 {[%clk 0:17:46]}  bxc5 {[%clk 0:39:08]} 26. Qe4 {[%clk 0:17:41]}  g6 {[%clk 0:31:00]} 27. Bc4 {[%clk 0:17:22]}  Rd8 {[%clk 0:30:58]} 28. Qb1 {[%clk 0:14:38]}  Rd7 {[%clk 0:09:12]} 29. Qb2 {[%clk 0:13:36]}  Kg8 {[%clk 0:08:54]} 30. Qb5 {[%clk 0:12:11]}  Qc7 {[%clk 0:07:16]} 31. Bf1 {[%clk 0:10:56]}  Kg7 {[%clk 0:06:22]} 32. Rc1 {[%clk 0:10:31]}  Qa7 {[%clk 0:01:44]} 33. Rxc5 {[%clk 0:09:50]}  h5 {[%clk 0:00:59]} 34. Qb2+ {[%clk 0:08:44]}  Nf6 {[%clk 0:00:52]} 35. Rc1 {[%clk 0:09:05]}  Qa8 {[%clk 0:00:43]} 36. Qb6 {[%clk 0:08:50]}  Nd5 {[%clk 0:00:47]} 37. Qc6 {[%clk 0:07:44]}  Qa7 {[%clk 0:00:59]} 38. Qc5 {[%clk 0:08:04]}  Qa8 {[%clk 0:00:47]} 39. Bb5 {[%clk 0:08:04]}  Nf4 {[%clk 0:00:33]} 40. Qe5+ {[%clk 0:08:28]}  f6 {[%clk 0:00:48]} 41. Qxf4 {[%clk 0:08:45]} 1-0

[Event "Masters Tournament (MTO)"]
[Site "Biel, CH"]
[Date "2025.07.21"]
[Round "7"]
[White "Schimnatkowski, Lukas"]
[Black "Chen, Jun-Wei"]
[Result "0-1"]
[Board "23"]
[WhiteFideId "12936723"]
[BlackFideId "16304128"]
[WhiteElo "2202"]
[BlackElo "1906"]
[WhiteTeam "GER"]
[BlackTeam "TPE"]
[WhiteClock "0:01:48"]
[BlackClock "1:03:07"]
[Variant "Standard"]

1. e4 {[%clk 1:40:56]}  c5 {[%clk 1:40:53]} 2. Nf3 {[%clk 1:41:18]}  e6 {[%clk 1:41:16]} 3. d3 {[%clk 1:41:43]}  Nc6 {[%clk 1:41:31]} 4. g3 {[%clk 1:41:56]}  d6 {[%clk 1:41:40]} 5. Bg2 {[%clk 1:41:43]}  Nf6 {[%clk 1:41:49]} 6. O-O {[%clk 1:40:39]}  Be7 {[%clk 1:41:39]} 7. Re1 {[%clk 1:40:16]}  O-O {[%clk 1:41:33]} 8. c3 {[%clk 1:35:13]}  Qc7 {[%clk 1:37:35]} 9. Nbd2 {[%clk 1:35:14]}  b5 {[%clk 1:23:02]} 10. a4 {[%clk 1:32:29]}  b4 {[%clk 1:22:33]} 11. Nc4 {[%clk 1:20:13]}  Rb8 {[%clk 1:07:35]} 12. Bf4 {[%clk 1:16:35]}  e5 {[%clk 1:07:03]} 13. Bg5 {[%clk 1:15:05]}  h6 {[%clk 1:29:17]} 14. Bxf6 {[%clk 1:06:14]}  Bxf6 {[%clk 1:29:43]} 15. Ne3 {[%clk 1:04:56]}  Be6 {[%clk 1:19:57]} 16. Nd2 {[%clk 0:55:45]}  Bg5 {[%clk 1:08:58]} 17. Ndc4 {[%clk 0:53:03]}  Na5 {[%clk 0:53:12]} 18. Nxa5 {[%clk 0:32:03]}  Qxa5 {[%clk 1:25:47]} 19. c4 {[%clk 0:31:54]}  Bxe3 {[%clk 1:24:17]} 20. fxe3 {[%clk 0:26:45]}  b3 {[%clk 1:20:34]} 21. Ra3 {[%clk 0:24:21]}  Bd7 {[%clk 1:20:02]} 22. Qe2 {[%clk 0:14:31]}  Rb6 {[%clk 1:16:09]} 23. Rea1 {[%clk 0:25:52]}  Rbb8 {[%clk 1:11:21]} 24. Bf3 {[%clk 0:21:49]}  g6 {[%clk 1:05:11]} 25. Qe1 {[%clk 0:17:02]}  Qxe1+ {[%clk 1:05:05]} 26. Rxe1 {[%clk 0:17:28]}  a5 {[%clk 1:05:01]} 27. Rf1 {[%clk 0:14:09]}  Rb4 {[%clk 1:03:13]} 28. Kf2 {[%clk 0:12:19]}  f5 {[%clk 1:00:05]} 29. exf5 {[%clk 0:11:46]}  Bxf5 {[%clk 1:02:32]} 30. e4 {[%clk 0:10:24]}  Bh3 {[%clk 1:02:31]} 31. Re1 {[%clk 0:07:27]}  Bg4 {[%clk 1:00:54]} 32. Re3 {[%clk 0:10:09]}  Bd7 {[%clk 0:54:03]} 33. Kg2 {[%clk 0:03:52]}  Rxa4 {[%clk 0:53:14]} 34. Rxb3 {[%clk 0:03:28]}  Rb4 {[%clk 1:01:43]} 35. Rxb4 {[%clk 0:03:28]}  cxb4 {[%clk 1:02:07]} 36. d4 {[%clk 0:01:44]}  a4 {[%clk 0:57:47]} 37. dxe5 {[%clk 0:01:35]}  dxe5 {[%clk 0:58:08]} 38. Rd3 {[%clk 0:01:08]}  Be6 {[%clk 0:58:08]} 39. Rd6 {[%clk 0:01:01]}  Bxc4 {[%clk 0:58:09]} 40. Rxg6+ {[%clk 0:00:55]}  Kf7 {[%clk 0:53:54]} 41. Rc6 {[%clk 0:24:50]}  Be6 {[%clk 0:45:58]} 42. Ra6 {[%clk 0:18:01]}  Rd8 {[%clk 0:45:00]} 43. Bh5+ {[%clk 0:13:18]}  Ke7 {[%clk 1:25:26]} 44. Rxa4 {[%clk 0:12:58]}  Rd2+ {[%clk 1:25:52]} 45. Kf3 {[%clk 0:13:11]}  Rxb2 {[%clk 1:26:01]} 46. Ra7+ {[%clk 0:12:42]}  Kd8 {[%clk 1:24:13]} 47. Bf7 {[%clk 0:09:26]}  Bd7 {[%clk 1:19:46]} 48. h4 {[%clk 0:06:44]}  Rb1 {[%clk 1:20:26]} 49. Bd5 {[%clk 0:03:26]}  h5 {[%clk 1:18:56]} 50. Ke3 {[%clk 0:05:37]}  Kc8 {[%clk 1:15:57]} 51. Kd3 {[%clk 0:03:37]}  Rc1 {[%clk 1:14:29]} 52. Ke2 {[%clk 0:01:01]}  Rc2+ {[%clk 1:11:07]} 53. Ke3 {[%clk 0:00:32]}  Rc3+ {[%clk 1:11:26]} 54. Kf2 {[%clk 0:00:47]}  Bc6 {[%clk 1:09:26]} 55. Ra5 {[%clk 0:00:39]}  Kc7 {[%clk 1:05:29]} 56. Bg8 {[%clk 0:00:34]}  Kd6 {[%clk 1:03:55]} 57. Bd5 {[%clk 0:00:38]}  Ra3 {[%clk 1:01:10]} 58. Rxa3 {[%clk 0:00:37]}  bxa3 {[%clk 1:02:10]} 59. Ba2 {[%clk 0:00:39]}  Bxe4 {[%clk 1:02:34]} 60. g4 {[%clk 0:00:54]}  hxg4 {[%clk 1:02:39]} 61. h5 {[%clk 0:01:22]}  Ke7 {[%clk 1:00:51]} 62. Kg3 {[%clk 0:01:46]}  Bf5 {[%clk 1:00:44]} 63. Kh4 {[%clk 0:01:16]}  Kf6 {[%clk 1:01:08]} 64. Bc4 {[%clk 0:01:04]}  Be6 {[%clk 1:00:24]} 65. Bxe6 {[%clk 0:00:37]}  Kxe6 {[%clk 1:01:44]} 66. h6 {[%clk 0:01:04]}  a2 {[%clk 1:02:06]} 67. h7 {[%clk 0:01:15]}  a1=Q {[%clk 1:02:21]} 68. h8=Q {[%clk 0:01:28]}  Qh1+ {[%clk 1:02:43]} 69. Kg5 {[%clk 0:01:48]}  Qxh8 {[%clk 1:03:07]} 0-1